Návrh vzorových pravidiel vnútropodnikového chozrasčotu poľnohospodárskych podnikov

Bibliographic Details
Format: Article
Language:Slovak
PhysicalDescription:Tb. 6.
Subjects:

MARC

LEADER 00000nab a2200000 a 4500
001 vtls000209645
003 SK-MaSNL
005 20260302201212.0
008 111130c1984 xo 0 slo
015 |a SNBRB19rr/mm-uuuuu 
035 |a CL0219758 
040 |a SNKBUCL  |b slo  |c SNKBUCL  |e AACR2 
041 0 |a slo 
044 |a xo  |c SK 
080 |a 631.155:338.244.018  |2 1981 
080 |a 338.244.018  |2 1981 
245 0 0 |a Návrh vzorových pravidiel vnútropodnikového chozrasčotu poľnohospodárskych podnikov 
300 |b Tb. 6. 
650 0 7 |a poľnohospodárske podniky  |2 snkbucl  |9 4194 
650 0 7 |a chozrasčot vnútropodnikový  |2 snkbucl  |9 921142 
655 7 |a články z novín a časopisov  |2 snkbucl  |9 267496 
773 0 |t Informácie MPVž SSR  |g Roč. 12, č. 24 (1984), s. 11-26 
850 |a Slovenská národná knižnica v Martine  |a MTA001 
852 |a SNK  |b KIS3GCP 
958 |a RK 
992 |a RBX 
999 |c 1460013  |d 1461943